00398nam a2200133Ia 4500020001800000082002400018100002000042245006800062260003100130300001400161650003100175650001100206710004700217 a9789383930241 a338.276099442 DAS-; aDash, Sandipani 0aDynamics of extractive resources in Africa: prospects for India aNew DelhibG.B.Booksc2015 axii, 163p aNATURAL RESOURCES - AFRICA aAFRICA aIndian Council of World Affairs, New Delhi